|
|
|
|
| LEADER |
00000nam a2200000 a 4500 |
| 001 |
vtls001441798 |
| 003 |
SK-MaSNL |
| 005 |
20260302002111.0 |
| 008 |
941209s2000 DE 0 ger |
| 035 |
|
|
|a SNK000396998
|
| 040 |
|
|
|a SNK
|b slo
|c SNK
|e AACR2
|
| 044 |
|
|
|a DE
|
| 245 |
1 |
|
|a Forschung Research
|h elektronický zdroj
|n 2002/01
|
| 256 |
|
|
|a Počítačové dáta
|
| 260 |
|
|
|a Leipzig
|b Universität Leipzig
|c 2000
|
| 300 |
|
|
|a 1 elektronický optický disk (CD-ROM)
|
| 500 |
|
|
|a Elektronické dokumenty
|
| 655 |
|
7 |
|a kompaktné platne
|2 SNK
|9 70690
|
| 999 |
|
|
|c 986613
|d 988543
|
| 952 |
|
|
|a SNK
|b SNK
|y PREZ
|7 0
|p 17A0357720
|o snkICDM 59
|i snkJK 615/2002
|0 0
|1 0
|4 0
|d 2002-10-03
|l 0
|r 2005-01-02 00:00:00
|w 2026-02-24
|